Supply Chain Excellence : A Handbook for dramatic improvement using the SCOR model / (Record no. 26545)

000 -LEADER
fixed length control field 00667 a2200193 4500
008 - FIXED-LENGTH DATA ELEMENTS--GENERAL INFORMATION
fixed length control field 230628b ||||| |||| 00| 0 eng d
020 ## - INTERNATIONAL STANDARD BOOK NUMBER
International Standard Book Number 9780814437537
Terms of availability Rs1626.00
041 0# - LANGUAGE CODE
Language code of text/sound track or separate title eng
082 00 - DEWEY DECIMAL CLASSIFICATION NUMBER
Classification number 658.7
Item number B693
100 ## - MAIN ENTRY--PERSONAL NAME
9 (RLIN) 5578
Personal name Bolstorff, Peter
245 ## - TITLE STATEMENT
Title Supply Chain Excellence : A Handbook for dramatic improvement using the SCOR model /
250 ## - EDITION STATEMENT
Edition statement 3rd ed.
260 ## - PUBLICATION, DISTRIBUTION, ETC. (IMPRINT)
Place of publication, distribution, etc [S.l.] :
Name of publisher, distributor, etc Harper Collins Leadership,
Date of publication, distribution, etc c2012.
300 ## - PHYSICAL DESCRIPTION
Extent xviii, 284 p. :
Other physical details ill. ;
Dimensions 24 cm.
500 ## - GENERAL NOTE
General note Adapted for using SAP and Global projects
650 #0 - SUBJECT ADDED ENTRY--TOPICAL TERM
Topical term or geographic name as entry element Business Logistics
700 ## - ADDED ENTRY--PERSONAL NAME
9 (RLIN) 5579
Personal name Rosenbaum, Robert
942 ## - ADDED ENTRY ELEMENTS (KOHA)
Source of classification or shelving scheme
Item type Books
Holdings
Withdrawn status Lost status Source of classification or shelving scheme Damaged status Not for loan Permanent location Current location Shelving location Date acquired Source of acquisition Cost, normal purchase price Full call number Barcode Date last seen Cost, replacement price Koha item type Total Checkouts Total Renewals Date last borrowed
          IMU Kolkata IMU Kolkata Reference 2023-06-28 5 3522.00 658.7 B693 14211 2023-06-28 3522.00 Books      
          IMU Kolkata IMU Kolkata   2023-06-28 5 3522.00 658.7 B693 14212 2023-06-28 3522.00 Books      
          IMU Kolkata IMU Kolkata   2023-06-28 5 3522.00 658.7 B693 14213 2024-08-26 3522.00 Books 3 2 2024-08-20
Designed and Maintained by IMU-KC Library, Kolkata Campus © Copyright All Rights Reserved

webs counters

Powered by Koha